|
|
|
|
| LEADER |
00000nam a2200000 a 4500 |
| 001 |
vtls001353116 |
| 003 |
SK-MaSNL |
| 005 |
20260224111054.0 |
| 008 |
180126sm y0 xo 0 und |
| 035 |
|
|
|a SNK000306520
|
| 040 |
|
|
|a SNK
|b slo
|c SNK
|e AACR2
|
| 044 |
|
|
|a xo
|c SK
|
| 245 |
1 |
|
|a STN 98 6059 Armatúra poľných oznamovacích káblov
|b Všeobecné technické požiadavky
|
| 260 |
|
|
|a Bratislava
|b Úrad pre normalizáciu, metrológiu a skúšobníctvo SR
|c 1998
|
| 300 |
|
|
|a 8 s.
|
| 999 |
|
|
|c 978236
|d 980166
|
| 952 |
|
|
|t P60, <03>, [BOOK], {603}
|a SNK
|b SNK
|y PREZ
|7 0
|p 17A0177451
|o snkSTN 98 6059
|i snkN 226/99
|0 0
|1 0
|4 0
|d 1999-01-21
|l 0
|r 2005-01-02 00:00:00
|w 2026-02-24
|
| 952 |
|
|
|t P60, <04>, [BOOK], {604}
|a SNK
|b SNK
|y VYP
|7 0
|p 17A0177452
|o snkSTN 98 6059 D1
|i snkN 227/99
|0 0
|1 0
|4 0
|d 1999-01-21
|l 0
|r 2005-01-02 00:00:00
|w 2026-02-24
|